000 00467 a2200169 4500
020 _a0618433899
040 _aDLC
_bDLC
082 _a808.0666
100 1 _aRiordan, Daniel G.
245 1 0 _aTechnical report writing today
_cDaniel G. Riordan
250 _a9th ed.
260 _aBoston :
_bHoughton Mifflin Company,
_cc2005.
300 _axxx, 606 p. :
_bill. ;
_c24 cm.
650 0 _aTechnical writing.
700 1 _aPauley, Steven E.
942 _cBK
_k808.0666 RIO
_2ddc
999 _c4928
_d4928